名前に「小」を含む市 - Statistics

General Stats
  • This quiz has been taken 45 times
  • The average score is 17 of 19
Answer Stats
都道府県 市名 % Correct
栃木県 小山市
100%
北海道 小樽市
98%
東京都 小平市
95%
神奈川県 小田原市
95%
石川県 小松市
95%
兵庫県 小野市
95%
宮崎県 小林市
95%
福井県 小浜市
93%
愛知県 小牧市
93%
山口県 山陽小野田市
93%
東京都 小金井市
90%
佐賀県 小城市
90%
茨城県 小美玉市
85%
富山県 小矢部市
85%
新潟県 小千谷市
83%
長野県 小諸市
83%
福岡県 小郡市
83%
北海道 苫小牧市
80%
徳島県 小松島市
80%
No matching quizzes found
Score Distribution
Percent of People with Each Score
Percentile by Number Answered
Your Score History
You have not taken this quiz